000 00405nam a22001697a 4500
003 CEME
005 20210628205522.0
008 210305b xxu||||| |||| 00| 0 eng d
020 _a0-412-78600-1
040 _c.
082 _a621.382 MUL'W
100 _aWhyte, Bill
_975875
245 _aMultimedia telecommunications
260 _aLONDON
_bCHAPMAN & HALL
_c1997
300 _a284P
942 _cBK
_2ddc
999 _c581282
_d581282